Endoscopy of the colon, rectum, and anus

Uloženo v:
Podrobná bibliografie
Hlavní autor: Church, James M.
Médium: Kniha
Jazyk:Undetermined
Vydáno: New York Igaku-Shoin 1995
Témata:
Tagy: Přidat tag
Žádné tagy, Buďte první, kdo otaguje tento záznam!
Thư viện lưu trữ: Trung tâm Học liệu Trường Đại học Cần Thơ
LEADER 00546nam a2200193Ia 4500
001 CTU_127353
008 210402s9999 xx 000 0 und d
082 |a 613.407545 
082 |b C562 
100 |a Church, James M. 
245 0 |a Endoscopy of the colon, rectum, and anus 
245 0 |c James M. Church 
260 |a New York 
260 |b Igaku-Shoin 
260 |c 1995 
650 |a Colonoscopy,Proctoscopy,Endoscopy, Gastrointestinal 
650 |x Methods 
904 |i Nguyên 
980 |a Trung tâm Học liệu Trường Đại học Cần Thơ